Culture Générale - Série 2312 - Statistiques

Statistiques générales
  • Ce quiz a été pris 168 fois
  • Le résultat moyen est 6 sur 10
Statistiques - réponses
Question Réponse % Correct
Quelle est la capitale de la Lettonie ? Riga
92%
Combien y-a-t-il de centimètres dans un hectomètre ? 10000
91%
Qui est l'auteur des romans " La peste" et " L'étranger" ? prénom et nom Albert Camus
89%
Qu'étudie le mycologue ? champignons
81%
Quel pilote détient le record du nombre de titres de champion du mond des rallyes ? prénom et nom Sébastien Loeb
64%
Quel pays d'Afrique a comme président l'ancien footballeur international George Weah, depuis 2018 ? Libéria
57%
Qui a obtenu le prix littéraire Interallié en 2005 avec le roman " La possibilité d'une île " ? prénom et nom - voir photo Michel Houellebecq
38%
Quel est l'unité de mesure de l'activité de la source radioactive ? becquerel
28%
Qui a composé "La symphonie fantastique" en 1830 ? prénom et nom Hector Berlioz
26%
Dans le film "La grande vadrouille" réalisé par Gérard Oury en 1966, quel est le prénom du personnage interprété par Bourvil ? Augustin
15%
Aucun quiz correspondant
Distribution des résultats
% des personnes avec chaque résultat
Percentile par nombre de réponses
Votre historique - résultats
Vous n’avez pas pris ce quiz